Canudos : Campos em chamas (1893-1897) (Record no. 138472)

MARC details
000 -LÍDER
campo de controle de tamanho fixo 00499 a2200193 4500
001 - NÚMERO DE CONTROLE
campo de controle 138472
020 ## - ISBN - INTERNATIONAL STANDARD BOOK NUMBER
ISBN - International Standard Book Number 9788502036550
040 ## - FONTE DA CATALOGAÇÃO
Instituição que transcreveu o registro Leonardo Da Vinci
041 ## - CÓDIGO DE IDIOMA
Código do idioma do texto/trilha sonora ou título diferente Português
082 ## - CDD - CLASSIFICAÇÃO DECIMAL DE DEWEY
Número de Classificação 981.0521 V759c
Número do exemplar V759c
100 ## - ENTRADA PRINCIPAL--NOME PESSOAL
Nome pessoal VILLA, Marco Antonio
245 ## - TÍTULO
Título Canudos : Campos em chamas (1893-1897)
260 ## - PUBLICAÇÃO, DISTRIBUIÇÃO, ETC.
Nome do editor, distribuidor, etc. .
Data da publicação, distribuição, etc. 2011
Local de publicação, distribuição, etc. São Paulo
300 ## - DESCRIÇÃO FÍSICA
Extensão 64
362 ## - DATAS DE PUBLICAÇÃO E/OU DESIGNAÇÃO SEQUENCIAL
Datas de publicação e/ou designação sequencial 20110000
490 ## - TÍTULO DA SÉRIE
Título da série Que história é esta?
-- Que história é esta?
500 ## - NOTA GERAL
Nota geral Biblioteca Alphaville 2
942 ## - ELEMENTOS DE ENTRADA ADICIONADOS (KOHA)
Tipo de material Koha Livros
Holdings
Situação do descarte Situação das perdas Situação física Não pode ser emprestado Biblioteca de origem Biblioteca atual Data de aquisição Total de empréstimos Número de chamada completo Código de barras Data de último acesso Data do preço efetivo Tipo de material Koha Fonte da classificação ou esquema de arquivamento na estante
        Domus - Itaim Bibi Domus - Itaim Bibi 09/09/2024   981 V759c 9788563224088 09/09/2024 09/09/2024 Livros Classificação Decimal de Dewey
        Leonardo Da Vinci - Alphaville 2 Leonardo Da Vinci - Alphaville 2 27/03/2024   981.0521 V759c 2A919 27/03/2024 27/03/2024 Livros